<?xml version="1.0" encoding="UTF-8"?>
<marc:record xmlns:marc="http://www.loc.gov/MARC21/slim">
   <marc:leader>00000nam a2200000 a 4500</marc:leader>
   <marc:datafield ind1="1" ind2=" " tag="100">
      <marc:subfield code="a">DiTerlizzi, Tony</marc:subfield>
      <marc:subfield code="4">aut</marc:subfield>
      <marc:subfield code="e">Verfasser/-in</marc:subfield>
   </marc:datafield>
   <marc:datafield ind1="1" ind2=" " tag="100">
      <marc:subfield code="a">Black, Holly</marc:subfield>
      <marc:subfield code="4">aut</marc:subfield>
      <marc:subfield code="e">Verfasser/-in</marc:subfield>
   </marc:datafield>
   <marc:datafield ind1="0" ind2="0" tag="245">
      <marc:subfield code="a">Die Spiderwick-Geheimnisse - Der eiserne Baum - Buch 4</marc:subfield>
   </marc:datafield>
   <marc:datafield ind1="1" ind2=" " tag="490">
      <marc:subfield code="a">Die Spiderwick-Geheimnisse</marc:subfield>
   </marc:datafield>
   <marc:datafield ind1="1" ind2=" " tag="520">
      <marc:subfield code="a">Mallory wird während eines Fechtturniers entführt und ihre Brüder finden sie - wie Schneewittchen in einem gläsernen Sarg - bei den Zwergen. Und dort lernen sie Mulgarath, den Herrn der Kobolde, ihren wahren Gegner kennen. Nachdem die Elfen für kurze Zeit Ruhe hielten (vgl. a. Band 3 ), überstürzen sich die Ereignisse.Die unterirdische Metallwelt (eiserne Bäume, ebensolche Hunde u.a.) fasziniert die Kinder zwar, doch sind die Zwerge ihnen nicht wohlgesonnen. Auch sie suchen das berüchtigte Buch, doch nicht für sich. Sie haben sich dem wahren Bösewicht der Geschichte verschrieben, dem Mulgarath, Herrn der Kobolde, der sich zum Herrscher nicht nur der Fantasiewesenwelt machen will und offensichtlich schon im Besitz des Buches ist. Die Zwerge, die den reichlich widerlichen Koboldkönig mit Waffen versorgten, müssen diese Dienste mit ihrem Leben bezahlen. Die Kinder sehen keinen Ausweg, um mit dem Monster und seinen finsteren Plänen fertig zu werden; sie beschließen, ihre Mutter in die Ereignisse einzuweihen.</marc:subfield>
   </marc:datafield>
   <marc:datafield ind1=" " ind2=" " tag="020">
      <marc:subfield code="a">9783570129210</marc:subfield>
      <marc:subfield code="9">9783570129210</marc:subfield>
   </marc:datafield>
   <marc:datafield ind1=" " ind2=" " tag="041">
      <marc:subfield code="a">ger</marc:subfield>
   </marc:datafield>
   <marc:datafield ind1=" " ind2=" " tag="500">
      <marc:subfield code="a">Forts. von: Im Bann der Elfen. - Dazu Forts.: Die Rache der Kobolde</marc:subfield>
   </marc:datafield>
   <marc:datafield ind1=" " ind2=" " tag="300">
      <marc:subfield code="a">122 S. : zahlr. Ill.</marc:subfield>
   </marc:datafield>
</marc:record>
